| 000 | 00783nam a2200253Ia 4500 | ||
|---|---|---|---|
| 008 | 130821s2001 ck gr spa | ||
| 020 | _a9586165175 | ||
| 040 |
_aCo-BoUCM _bspa |
||
| 041 | 0 | 0 | _aspa |
| 100 | 1 | _aPérez Pinzón, álvaro Orlando | |
| 245 | 1 | 0 |
_aCurso de criminología _cÁlvaro Orlando Pérez Pinzón |
| 250 | _a6a. ed | ||
| 260 |
_aBogotá (Colombia) _bForum Pacis _c2001 |
||
| 300 | _a285 páginas | ||
| 504 | _aIncluye índice y bibliografía | ||
| 650 | 0 | 4 |
_aCriminología _912152 |
| 650 | 0 | 4 |
_aDelitos _912564 |
| 650 | 0 | 4 |
_aDerecho penal _912805 |
| 650 | 0 | 4 |
_aDerechos civiles _912857 |
| 650 | 0 | 4 |
_aDerechos humanos _97499 |
| 650 | 0 | 4 |
_aPolítica criminal _921934 |
| 942 |
_cLIBRO _a8 _e6 _mP37 _2DEWEY _h364 |
||
| 999 |
_c41692 _d41692 |
||